000 00296nam a22001337a 4500
008 180914b xxu||||| |||| 00| 0 eng d
020 _a0697001156
041 _aeng
080 _a159.9
100 _a48
101 _aPSI
245 _aGender And Communication
_cComelia.j
942 _2udc
_cBK
999 _c47817
_d47817